000 01448cam a2200349 a 4500
001 EDZ0000104872
003 StDuBDS
005 20161031105118.0
006 m||||||||d||||||||
007 cr |||||||||||
008 121017s2011 enka fo| 001|0|eng|d
020 _a9781446269602 (ebook) :
_cNo price
040 _aStDuBDS
_beng
_cStDuBDS
_epn
049 _aAlfaisal Main Library
050 0 _aHV11
_b.H346 2011
082 0 4 _a361.30721
_223
100 1 _aHardwick, Louise.
245 1 0 _aDoing social work research
_h[electronic resource] /
_cLouise Hardwick and Aidan Worsley.
260 _aLondon :
_bSAGE,
_c2011.
300 _a1 online resource (xi, 163 p.) :
_bill.
520 8 _aThis is a beginner's guide to both conducting and using research within the context of social work practice. It covers the key themes, debates and approaches, including, the ethics of social work research, conducting interviews, focus groups and observation and narrative.
521 _aSpecialized.
588 _aDescription based on print version record.
504 _aIncludes bibliographical references and index.
650 0 _aSocial service
_xResearch
_xMethodology.
655 7 _aElectronic books.
_2local
700 1 _aWorsley, Aidan.
710 2 _aSage eBooks
776 0 8 _iPrint version :
_z9781847879134
856 4 0 _uhttp://ezproxy.alfaisal.edu/login?url=http://sk.sagepub.com/books/doing-social-work-research
942 _2lcc
_cEBOOKS
999 _c479550
_d479550